MARC details
| 000 - LÍDER |
| campo de control de longitud fija |
01509nam a2200277Ia 4500 |
| 008 - ELEMENTOS DE DATOS DE LONGITUD FIJA - INFORMACIÓN GENERAL |
| campo de control de longitud fija |
0000002001 pr ad 0000000000mul00 |
| 020 ## - INTERNATIONAL STANDARD BOOK NUMBER |
| International Standard Book Number |
970203225 |
| 090 ## - NÚMERO DE LLAMADA DE TIPO LC LOCALMENTE ASIGNADO (OCLC) |
| Número de clasificación (OCLC) (R) |
PPR00 M97m |
| 245 10 - TÍTULO DECLARACIÓN |
| Título |
Myrna Báez |
| Resto del título |
: una artista ante su espejo = an artist and her mirrors |
| Declaración de responsabilidad |
/ fotografía John Betancourt ; traducción Luis Muñoz, Liliana Ramos Collado ...[et al.] |
| 260 ## - PUBLICACIÓN, DISTRIBUCIÓN |
| Lugar de publicación |
San Juan (Puerto Rico) : Galería de Arte Universidad del Sagrado Corazón |
| Fecha de publicación |
2001 |
| 300 ## - DESCRIPCIÓN FÍSICA |
| Alcance |
289 p. |
| Dimensiones |
/ 31 cm. |
| 500 ## - NOTA GENERAL |
| Nota general |
Texto bilingue : español inglés \ Registro auspiciado por la FGAA. Bogotá \ MPV: (2009825) |
| 501 ## - Con nota |
| Con nota |
Myrna Báez: insigne artista puertorriqueña y latinoamericana = Myrna Báez: puerto rican artist, latin american master Myrna Báez: una artista ante su espejo = Myrna Báez: an artist looks into her mirror Myrna Báez: una vida documentada (biografía y repertorio histórico y cultural de Puerto Rico) = Myrna Báez: A documental life |
| 600 00 - ENTRADA DE SUJETO AÑADIDO - NOMBRE PERSONAL |
| Nombre de la persona |
BAEZ GONZALEZ, MYRNA, 1931/ |
| Subdivisión general |
TRABAJOS PICTORICOS |
| 650 14 - ENTRADA DE SUJETO AÑADIDO - TÉRMINO TÓPICO |
| Término tópico o elemento de entrada del nombre geográfico |
ARTE CONTEMPORANEO PUERTORRIQUEÑO |
| 650 14 - ENTRADA DE SUJETO AÑADIDO - TÉRMINO TÓPICO |
| Término tópico o elemento de entrada del nombre geográfico |
ARTISTAS PLASTICOS PUERTORRIQUEÑOS |
| 650 14 - ENTRADA DE SUJETO AÑADIDO - TÉRMINO TÓPICO |
| Subdivisión general |
CATALOGOS |
| 650 14 - ENTRADA DE SUJETO AÑADIDO - TÉRMINO TÓPICO |
| Término tópico o elemento de entrada del nombre geográfico |
DIBUJO A LAPIZ |
| 650 14 - ENTRADA DE SUJETO AÑADIDO - TÉRMINO TÓPICO |
| Término tópico o elemento de entrada del nombre geográfico |
GOUACHE (PINTURA) |
| 650 14 - ENTRADA DE SUJETO AÑADIDO - TÉRMINO TÓPICO |
| Término tópico o elemento de entrada del nombre geográfico |
GRABADOS PUERTORRIQUEÑOS |
| 650 14 - ENTRADA DE SUJETO AÑADIDO - TÉRMINO TÓPICO |
| Término tópico o elemento de entrada del nombre geográfico |
MUJERES ARTISTAS PUERTORRIQUEÑAS |
| 650 14 - ENTRADA DE SUJETO AÑADIDO - TÉRMINO TÓPICO |
| Término tópico o elemento de entrada del nombre geográfico |
PINTORES PUERTORRIQUEÑOS |
| 650 14 - ENTRADA DE SUJETO AÑADIDO - TÉRMINO TÓPICO |
| Término tópico o elemento de entrada del nombre geográfico |
PINTURA AL OLEO |
| 650 14 - ENTRADA DE SUJETO AÑADIDO - TÉRMINO TÓPICO |
| Término tópico o elemento de entrada del nombre geográfico |
PINTURA PUERTORRIQUEÑA |
| 700 1# - ENTRADA AGREGADA - NOMBRE PERSONAL |
| Nombre de la persona |
Betancourt, John \ Muñoz, Luis, tr \ Ramos Collado, Liliana, tr \ |